MARC details
| 000 -CABECERA |
| campo de control de longitud fija |
01123nam a2200337 i 4500 |
| 001 - NÚMERO DE CONTROL |
| campo de control |
000010626 |
| 003 - IDENTIFICADOR DEL NÚMERO DE CONTROL |
| campo de control |
DO-SdBNP |
| 005 - FECHA Y HORA DE LA ÚLTIMA TRANSACCIÓN |
| campo de control |
20260305102411.0 |
| 007 - CAMPO FIJO DE DESCRIPCIÓN FÍSICA--INFORMACIÓN GENERAL |
| campo de control de longitud fija |
ta |
| 008 - DATOS DE LONGITUD FIJA--INFORMACIÓN GENERAL |
| campo de control de longitud fija |
091008s2008 dr a 001 0 spa d |
| 020 ## - NÚMERO INTERNACIONAL ESTÁNDAR DEL LIBRO |
| Número Internacional Estándar del Libro |
9788447710324 |
| 040 ## - FUENTE DE LA CATALOGACIÓN |
| Centro catalogador/agencia de origen |
DO-SdBNP |
| Lengua de catalogación |
spa |
| Centro/agencia transcriptor |
BNPHU |
| Normas de descripción |
rda |
| 041 ## - CÓDIGO DE LENGUA |
| Código de lengua del texto/banda sonora o título independiente |
spa |
| 082 #4 - NÚMERO DE LA CLASIFICACIÓN DECIMAL DEWEY |
| Número de clasificación |
RD861.44 |
| Número de documento/Ítem |
O77j 2008 |
| Número de edición |
22 |
| 100 1# - ENTRADA PRINCIPAL--NOMBRE DE PERSONA |
| Nombre de persona |
Ortiz de Machuca, Teresa |
| Término indicativo de función/relación |
autor |
| 9 (RLIN) |
25713 |
| Código de función/relación |
aut. |
| 245 10 - MENCIÓN DE TÍTULO |
| Título |
Jardín de reflexiones / |
| Mención de responsabilidad, etc. |
Teresa Ortiz Machuca ; prólogo, Ángeles Cardona. |
| 250 ## - MENCIÓN DE EDICIÓN |
| Mención de edición |
Segunda edición |
| 260 ## - PUBLICACIÓN, DISTRIBUCIÓN, ETC. |
| Lugar de publicación, distribución, etc. |
Barcelona, : |
| Nombre del editor, distribuidor, etc. |
Seuba ediciones, |
| Fecha de publicación, distribución, etc. |
1994. |
| 264 #4 - PRODUCCIÓN, PUBLICACIÓN, DISTRIBUCIÓN, FABRICACIÓN Y COPYRIGHT |
| Producción, publicación, distribución, fabricación y copyright |
Barcelona : |
| Nombre del de productor, editor, distribuidor, fabricante |
Promociones y Publicaciones Universitarias, PPU, |
| Fecha de producción, publicación, distribución, fabricación o copyright |
©2008. |
| 300 ## - DESCRIPCIÓN FÍSICA |
| Extensión |
77 páginas : |
| Otras características físicas |
ilustraciones ; |
| Dimensiones |
20 cm. |
| 336 ## - TIPO DE CONTENIDO |
| Término de tipo de contenido |
texto |
| Código de tipo de contenido |
txt |
| Fuente |
rdacontent |
| 337 ## - TIPO DE MEDIO |
| Nombre/término del tipo de medio |
sin mediación |
| Código del tipo de medio |
n |
| Fuente |
rdamedia |
| 338 ## - TIPO DE SOPORTE |
| Nombre/término del tipo de soporte |
volumen |
| Código del tipo de soporte |
nc |
| Fuente |
rdacarrier |
| 500 ## - NOTA GENERAL |
| Nota general |
Incluye datos biográficos de la autora |
| 590 ## - NOTA LOCAL (RLIN) |
| Nota local |
Inventariado, 2026/LP |
| 650 #0 - PUNTO DE ACCESO ADICIONAL DE MATERIA--TÉRMINO DE MATERIA |
| Término de materia o nombre geográfico como elemento de entrada |
Poesía dominicana |
| 9 (RLIN) |
66 |
| 650 #0 - PUNTO DE ACCESO ADICIONAL DE MATERIA--TÉRMINO DE MATERIA |
| Término de materia o nombre geográfico como elemento de entrada |
Literatura dominicana. |
| 9 (RLIN) |
67 |
| 700 1# - PUNTO DE ACCESO ADICIONAL--NOMBRE DE PERSONA |
| Nombre de persona |
Cardona, Ángeles, |
| Término indicativo de función/relación |
prologuista |
| 9 (RLIN) |
25714 |
| Código de función/relación |
pr. |
| 910 ## - DATOS DE OPCIÓN DEL USUARIO (OCLC) |
| Datos de opción del usuario |
LP |
| 942 ## - ELEMENTOS DE PUNTO DE ACCESO ADICIONAL (KOHA) |
| Fuente del sistema de clasificación o colocación |
Dewey Decimal Classification |
| Tipo de ítem Koha |
Libro |